[Event "Monarch Assurance Isle of Man 13th"]
[Site "Port Erin IOM"]
[Date "2004.09.25"]
[Round "1.6"]
[White "Zhang Zhong"]
[Black "Grafl, Florian"]
[Result "1-0"]
[WhiteElo "2603"]
[BlackElo "2411"]
[PlyCount "87"]
[EventDate "2004.09.25"]
[EventType "swiss"]
[EventRounds "9"]
[EventCountry "IOM"]
[SourceTitle "BritBase"]
[SourceDate "2008.07.14"]
[SourceVersion "1"]
[SourceVersionDate "2008.07.14"]
[SourceQuality "2"]

1. e4 e5 2. Nf3 Nc6 3. Bb5 Nf6 4. d3 d6 5. c3 Bd7 6. O-O g6 7. Re1 Bg7 8. Nbd2
O-O 9. Nf1 Qe8 10. Bg5 Nh5 11. Ne3 Kh8 12. Nd5 Rc8 13. a4 a6 14. Bc4 Na5 15. h3
f5 16. exf5 gxf5 17. b4 Nxc4 18. dxc4 Qf7 19. Ra2 Be6 20. Bc1 h6 21. Nh4 Kh7
22. Rd2 Nf6 23. Qc2 Qh5 24. g3 Bxd5 25. cxd5 Nd7 26. f3 Rce8 27. Rf2 Bh8 28.
Kh2 Rf7 29. Ng2 Qg6 30. Ref1 Ref8 31. a5 Kg8 32. g4 Qh7 33. gxf5 Rxf5 34. Nh4
Rh5 35. Rg1+ Bg7 36. Ng6 Rf7 37. Rfg2 Nf8 38. Qe4 Nxg6 39. Rxg6 Kf8 40. Qg4
Rhf5 41. Qh4 R5f6 42. Rxg7 Qxg7 43. Rxg7 Kxg7 44. Kg2 1-0

[Event "Monarch Assurance Isle of Man 13th"]
[Site "Port Erin IOM"]
[Date "2004.09.25"]
[Round "1.10"]
[White "Kulaots, Kaido"]
[Black "Houska, Jovanka"]
[Result "1-0"]
[WhiteElo "2593"]
[BlackElo "2375"]
[PlyCount "73"]
[EventDate "2004.09.25"]
[EventType "swiss"]
[EventRounds "9"]
[EventCountry "IOM"]
[SourceTitle "BritBase"]
[SourceDate "2008.07.14"]
[SourceVersion "1"]
[SourceVersionDate "2008.07.14"]
[SourceQuality "2"]

1. e4 c6 2. d4 d5 3. Nc3 dxe4 4. Nxe4 Bf5 5. Ng3 Bg6 6. h4 h6 7. Nf3 Nd7 8. h5
Bh7 9. Bd3 Bxd3 10. Qxd3 e6 11. Bf4 Qa5+ 12. Bd2 Qc7 13. O-O-O Ngf6 14. Ne4
O-O-O 15. g3 Be7 16. Nxf6 Nxf6 17. Ne5 Rhf8 18. Qc4 Kb8 19. Qa4 Nd7 20. Ba5 Nb6
21. Qb3 Rd5 22. Nc4 Rfd8 23. a4 Bg5+ 24. f4 Bf6 25. c3 Rf5 26. Bxb6 axb6 27.
Nxb6 Ka7 28. Nc4 b5 29. Ne5 Rb8 30. axb5 Rxb5 31. Qa4+ Kb7 32. Kc2 Bxe5 33.
dxe5 Qb6 34. b4 Rd5 35. Rxd5 exd5 36. Ra1 Kc7 37. Qa8 1-0

[Event "Monarch Assurance Isle of Man 13th"]
[Site "Port Erin IOM"]
[Date "2004.09.25"]
[Round "1.11"]
[White "Bosboom-Lanchava, T."]
[Black "Rogers, Ian"]
[Result "1-0"]
[WhiteElo "2370"]
[BlackElo "2588"]
[PlyCount "61"]
[EventDate "2004.09.25"]
[EventType "swiss"]
[EventRounds "9"]
[EventCountry "IOM"]
[SourceTitle "BritBase"]
[SourceDate "2008.07.14"]
[SourceVersion "1"]
[SourceVersionDate "2008.07.14"]
[SourceQuality "2"]

1. d4 e6 2. c4 c5 3. Nf3 Nf6 4. e3 cxd4 5. exd4 d5 6. Nc3 Bb4 7. Be2 O-O 8. Bg5
dxc4 9. Bxc4 b6 10. O-O Bb7 11. Ne5 Nc6 12. Bxf6 Qxf6 13. Nd7 Qh4 14. Nxf8 Rxf8
15. a3 Bd6 16. h3 Qf4 17. g3 Qh6 18. Re1 Qxh3 19. Bf1 Qf5 20. Bg2 h5 21. Qb1
Qg5 22. Ne4 Qe7 23. Nxd6 Qxd6 24. Qe4 Rd8 25. Rad1 g6 26. Qh4 Rd7 27. d5 exd5
28. Rxd5 Qxd5 29. Bxd5 Rxd5 30. Qf6 Ne5 31. f3 1-0

[Event "Monarch Assurance Isle of Man 13th"]
[Site "Port Erin IOM"]
[Date "2004.09.25"]
[Round "1.13"]
[White "Gordon, Stephen"]
[Black "Rowson, Jonathan"]
[Result "1/2-1/2"]
[WhiteElo "2338"]
[BlackElo "2558"]
[PlyCount "62"]
[EventDate "2004.09.25"]
[EventType "swiss"]
[EventRounds "9"]
[EventCountry "IOM"]
[SourceTitle "BritBase"]
[SourceDate "2008.07.14"]
[SourceVersion "1"]
[SourceVersionDate "2008.07.14"]
[SourceQuality "2"]

1. e4 c5 2. Nf3 e6 3. b3 d6 4. Bb5+ Bd7 5. Bxd7+ Nxd7 6. O-O Ngf6 7. Qe2 Be7 8.
c4 Ne5 9. Bb2 Nfd7 10. d4 Nxf3+ 11. Qxf3 Bf6 12. Rd1 Qc7 13. Nc3 a6 14. d5 O-O
15. Qh3 Rae8 16. Rd2 Bd4 17. Rf1 Re7 18. Nd1 e5 19. Ne3 g6 20. Bc1 b5 21. Ng4
bxc4 22. bxc4 Qa5 23. Rd3 Qxa2 24. Rf3 f6 25. Bh6 Rb8 {(=)} 26. Nxf6+ Nxf6 27.
Rxf6 Qe2 28. Qb3 Ree8 29. Qh3 Re7 30. Qb3 Ree8 31. Qh3 Re7 1/2-1/2

[Event "Monarch Assurance Isle of Man 13th"]
[Site "Port Erin IOM"]
[Date "2004.09.25"]
[Round "1.14"]
[White "Kiriakov, Petr"]
[Black "Howell, David W"]
[Result "1-0"]
[WhiteElo "2555"]
[BlackElo "2334"]
[PlyCount "93"]
[EventDate "2004.09.25"]
[EventType "swiss"]
[EventRounds "9"]
[EventCountry "IOM"]
[SourceTitle "BritBase"]
[SourceDate "2008.07.14"]
[SourceVersion "1"]
[SourceVersionDate "2008.07.14"]
[SourceQuality "2"]

1. d4 Nf6 2. c4 g6 3. Nc3 d5 4. Nf3 Bg7 5. Bg5 Ne4 6. cxd5 Nxg5 7. Nxg5 e6 8.
Qd2 exd5 9. Qe3+ Kf8 10. Qf4 Bf6 11. h4 h6 12. Nxd5 Bxg5 13. Qe5 Rh7 14. hxg5
Nc6 15. Qe4 Bf5 16. Qf3 Nxd4 17. Qa3+ Kg7 18. Ne3 hxg5 19. Rxh7+ Kxh7 20. O-O-O
Qf6 21. Qc3 c5 22. Nxf5 Qxf5 23. e3 Nc6 24. Ba6 Kg8 25. Rh1 Ne5 26. Bxb7 Re8
27. f3 Qd3 28. Rd1 Qxc3+ 29. bxc3 Nc4 30. e4 Nb6 31. a4 Re7 32. Bc6 Re6 33. Bb5
a6 34. Bxa6 Nxa4 35. Bc4 Rf6 36. e5 Rf4 37. e6 fxe6 38. Bxe6+ Kg7 39. Kc2 Rf6
40. Rd7+ Kf8 41. Bg4 Nb6 42. Rc7 Nd5 43. Rxc5 Ne3+ 44. Kd3 Nxg4 45. fxg4 Rf2
46. Re5 Rxg2 47. Re4 1-0

[Event "Monarch Assurance Isle of Man 13th"]
[Site "Port Erin IOM"]
[Date "2004.09.25"]
[Round "1.16"]
[White "Ghaem Maghami, Ehsan"]
[Black "Gottschlich, Carsten"]
[Result "1-0"]
[WhiteElo "2552"]
[BlackElo "2382"]
[PlyCount "165"]
[EventDate "2004.09.25"]
[EventType "swiss"]
[EventRounds "9"]
[EventCountry "IOM"]
[SourceTitle "BritBase"]
[SourceDate "2008.07.14"]
[SourceVersion "1"]
[SourceVersionDate "2008.07.14"]
[SourceQuality "2"]

1. e4 c5 2. Nf3 d6 3. c3 Nf6 4. Bd3 Bg4 5. O-O Nc6 6. h3 Bh5 7. Re1 e6 8. Bc2
d5 9. d3 Be7 10. Nbd2 O-O 11. Qe2 a6 12. g4 Bg6 13. Nh4 dxe4 14. dxe4 Nd7 15.
Ng2 Kh8 16. f4 f6 17. a4 Rb8 18. Bd3 Qc7 19. Nf3 Bf7 20. e5 fxe5 21. fxe5 c4
22. Bxc4 Ncxe5 23. Nxe5 Nxe5 24. Qxe5 Qxc4 25. Bg5 Qc5+ 26. Qxc5 Bxc5+ 27. Be3
Be7 28. Bb6 Bf6 29. Rad1 Kg8 30. a5 Rfe8 31. Nf4 e5 32. Nd5 Bh4 33. Bf2 Bf6 34.
Nxf6+ gxf6 35. Bh4 Re6 36. Rf1 Kg7 37. Rd7 Kg6 38. Bf2 Be8 39. Rc7 h5 40. gxh5+
Kxh5 41. Kh2 Bc6 42. Rg1 Be4 43. Be3 Rd8 44. Rc4 Bd3 45. Rcg4 Bf5 46. Rg5+ fxg5
47. Rxg5+ Kh6 48. Rg8+ Kh7 49. Rxd8 Rg6 50. Rd1 Be4 51. Rg1 Rxg1 52. Bxg1 Kg6
53. Kg3 Kh5 54. Bc5 Bc6 55. Be7 Bd7 56. Bd6 e4 57. Bf4 Kg6 58. h4 Be8 59. Kf2
Kf5 60. Ke3 Kg4 61. Bg5 Bc6 62. Kd4 Kh5 63. Ke3 Kg4 64. Bd8 Kf5 65. h5 Be8 66.
h6 Bg6 67. Kf2 Kf4 68. Bb6 Kg5 69. Be3+ Kf5 70. Bd2 Bh7 71. Ke3 Ke5 72. c4 Bg8
73. b3 Bh7 74. Bc1 Bg6 75. Bb2+ Kf5 76. Kd4 Bh7 77. Bc1 Ke6 78. Kc5 Kd7 79. Kb6
Kc8 80. Be3 Bg6 81. b4 Bh7 82. b5 axb5 83. cxb5 1-0

[Event "Monarch Assurance Isle of Man 13th"]
[Site "Port Erin IOM"]
[Date "2004.09.25"]
[Round "1.17"]
[White "Greet, Andrew"]
[Black "Gallagher, Joseph"]
[Result "1-0"]
[WhiteElo "2310"]
[BlackElo "2541"]
[PlyCount "115"]
[EventDate "2004.09.25"]
[EventType "swiss"]
[EventRounds "9"]
[EventCountry "IOM"]
[SourceTitle "BritBase"]
[SourceDate "2008.07.14"]
[SourceVersion "1"]
[SourceVersionDate "2008.07.14"]
[SourceQuality "2"]

1. d4 Nf6 2. c4 g6 3. g3 Bg7 4. Bg2 O-O 5. Nf3 d6 6. O-O Nbd7 7. Nc3 e5 8. e4
a6 9. Re1 exd4 10. Nxd4 Ng4 11. f4 c6 12. h3 Qb6 13. Nce2 Ngf6 14. Qc2 Re8 15.
Be3 Qc7 16. Nc3 Rb8 17. a4 c5 18. Nde2 b6 19. g4 h6 20. Ng3 Bb7 21. Rad1 Rbd8
22. Rd3 Nb8 23. Qd1 Nc6 24. h4 Qc8 25. Bf3 Nd4 26. g5 Nxf3+ 27. Qxf3 Ng4 28.
Kg2 Nxe3+ 29. Rdxe3 Bd4 30. Rd3 hxg5 31. hxg5 Qe6 32. Nd5 f5 33. gxf6 Bxd5 34.
cxd5 Qxf6 35. Qg4 Qg7 36. Rb3 c4 37. Rb4 Rc8 38. Rc1 b5 39. axb5 axb5 40. Rxb5
Bxb2 41. Rc2 Ba3 42. Ra5 Bc5 43. Rxc4 Rb8 44. Ra2 Rb1 45. e5 Rg1+ 46. Kh2 Re1
47. Rg2 Qh6+ 48. Nh5 Bg1+ 49. Rxg1 Rxg1 50. Kxg1 Qxh5 51. Qxh5 gxh5 52. e6 Rf8
53. Rc6 Kg7 54. Rxd6 Rxf4 55. Rd7+ Kf8 56. d6 Rd4 57. Rd8+ Kg7 58. e7 1-0

[Event "Monarch Assurance Isle of Man 13th"]
[Site "Port Erin IOM"]
[Date "2004.09.25"]
[Round "1.18"]
[White "Chandler, Murray"]
[Black "Kolbus, Dietmar"]
[Result "1/2-1/2"]
[WhiteElo "2531"]
[BlackElo "2303"]
[PlyCount "61"]
[EventDate "2004.09.25"]
[EventType "swiss"]
[EventRounds "9"]
[EventCountry "IOM"]
[SourceTitle "BritBase"]
[SourceDate "2008.07.14"]
[SourceVersion "1"]
[SourceVersionDate "2008.07.14"]
[SourceQuality "2"]

1. e4 c6 2. d4 d5 3. Nd2 dxe4 4. Nxe4 Nd7 5. Ng5 Ngf6 6. Bd3 h6 7. Ne6 Qb6 8.
Nxf8 Kxf8 9. Nf3 e5 10. dxe5 Nxe5 11. Nxe5 Qa5+ 12. Qd2 Qxe5+ 13. Qe3 Ng4 14.
Qxe5 Nxe5 15. Be2 Bf5 16. Bf4 Re8 17. O-O-O Ng4 18. Bxg4 Bxg4 19. Rd3 f6 20.
Be3 g6 21. Rb3 Bc8 22. Rd1 Kf7 23. Rbd3 Re4 24. b3 Rhe8 25. Kb2 h5 26. c4 Bg4
27. R1d2 b5 28. Kc3 Be6 29. Rd4 Re5 30. Rd6 Rc8 31. a4 1/2-1/2

[Event "Monarch Assurance Isle of Man 13th"]
[Site "Port Erin IOM"]
[Date "2004.09.25"]
[Round "1.19"]
[White "Ramaswamy, Aarthie"]
[Black "Pavlovic, Milos"]
[Result "0-1"]
[WhiteElo "2299"]
[BlackElo "2498"]
[PlyCount "74"]
[EventDate "2004.09.25"]
[EventType "swiss"]
[EventRounds "9"]
[EventCountry "IOM"]
[SourceTitle "BritBase"]
[SourceDate "2008.07.14"]
[SourceVersion "1"]
[SourceVersionDate "2008.07.14"]
[SourceQuality "2"]

1. e4 e5 2. Nf3 Nc6 3. Bb5 a6 4. Ba4 Nf6 5. O-O Be7 6. Re1 b5 7. Bb3 O-O 8. h3
Bb7 9. d3 Re8 10. Ng5 Rf8 11. Nf3 d6 12. a3 Na5 13. Ba2 c5 14. Nc3 Nc6 15. Nd5
Nxd5 16. Bxd5 Qc7 17. c3 Nb8 18. c4 Nd7 19. Bd2 Bxd5 20. cxd5 f5 21. Rc1 Qb7
22. Nh2 Rf7 23. Be3 Raf8 24. Nf3 h6 25. Re2 Bd8 26. b4 fxe4 27. dxe4 c4 28. Nd2
Bb6 29. Nf1 Kh7 30. Bxb6 Qxb6 31. Rcc2 g6 32. Qd2 Qd4 33. Qe1 Nf6 34. Rcd2 Qb6
35. Ng3 h5 36. Rc2 h4 37. Nf1 Nh5 0-1

[Event "Monarch Assurance Isle of Man 13th"]
[Site "Port Erin IOM"]
[Date "2004.09.25"]
[Round "1.20"]
[White "Wells, Peter"]
[Black "Bannink, Bernard"]
[Result "1-0"]
[WhiteElo "2494"]
[BlackElo "2280"]
[PlyCount "133"]
[EventDate "2004.09.25"]
[EventType "swiss"]
[EventRounds "9"]
[EventCountry "IOM"]
[SourceTitle "BritBase"]
[SourceDate "2008.07.14"]
[SourceVersion "1"]
[SourceVersionDate "2008.07.14"]
[SourceQuality "2"]

1. d4 d5 2. c4 c6 3. Nc3 Nf6 4. e3 a6 5. Qc2 g6 6. Bd3 Bg7 7. Nf3 O-O 8. O-O
Bg4 9. Ne5 Be6 10. b4 Nbd7 11. Nxd7 Qxd7 12. Na4 Rae8 13. Nc5 Qc8 14. Nxe6 Qxe6
15. a4 Nd7 16. b5 cxb5 17. axb5 axb5 18. cxd5 Qxd5 19. Qb1 Ra8 20. Ba3 Rfe8 21.
Qxb5 Qc6 22. Rfc1 Rxa3 23. Qxc6 Rxa1 24. Qc3 Rxc1+ 25. Qxc1 Nf8 26. Qc7 Bf6 27.
Qxb7 Rd8 28. f4 Ne6 29. Bc4 Ng7 30. g4 h6 31. Kg2 Ne8 32. g5 hxg5 33. fxg5 Bxg5
34. Qb6 e6 35. Kf3 Nd6 36. Bd3 Nf5 37. Bxf5 gxf5 38. Qc7 Bf6 39. Qg3+ Kf8 40.
h4 Ke7 41. Qc7+ Kf8 42. Qg3 Ke7 43. h5 Rh8 44. Qh2 Rh6 45. Kf4 Kf8 46. d5 exd5
47. Kxf5 Kg8 48. Qb8+ Kh7 49. Qf8 Bg7 50. Qxf7 Rd6 51. Kg5 Kh8 52. Qe7 Ra6 53.
Qd8+ Kh7 54. Qxd5 Ra1 55. Qe4+ Kh8 56. Qe8+ Kh7 57. Qe4+ Kh8 58. Qe8+ Kh7 59.
Qg6+ Kh8 60. Qd3 Rg1+ 61. Kf5 Kh7 62. e4 Re1 63. Qf3 Ra1 64. Kg4 Ra5 65. Qf7
Ra1 66. e5 Ra5 67. h6 1-0

[Event "Monarch Assurance Isle of Man 13th"]
[Site "Port Erin IOM"]
[Date "2004.09.25"]
[Round "1.22"]
[White "Conquest, Stuart"]
[Black "Zawadzka, Jolanta"]
[Result "1/2-1/2"]
[WhiteElo "2488"]
[BlackElo "2272"]
[PlyCount "87"]
[EventDate "2004.09.25"]
[EventType "swiss"]
[EventRounds "9"]
[EventCountry "IOM"]
[SourceTitle "BritBase"]
[SourceDate "2008.07.14"]
[SourceVersion "1"]
[SourceVersionDate "2008.07.14"]
[SourceQuality "2"]

1. d4 Nf6 2. c4 g6 3. Nc3 Bg7 4. e4 d6 5. Bd3 O-O 6. Nge2 a6 7. O-O Nbd7 8. f3
c5 9. Be3 e6 10. Rc1 b6 11. b3 cxd4 12. Bxd4 Bb7 13. Qd2 Qc7 14. Rfd1 Rad8 15.
Bb1 Qb8 16. Bf2 Ne8 17. Bh4 Bf6 18. Bxf6 Ndxf6 19. e5 Nh5 20. Qe3 Bc6 21. Qg5
Rd7 22. Be4 Bxe4 23. Nxe4 f6 24. exf6 Nhxf6 25. N2g3 b5 26. c5 dxc5 27. Nxc5
Rxd1+ 28. Rxd1 Qb6 29. Qe5 Rf7 30. b4 Re7 31. Kh1 a5 32. a3 axb4 33. axb4 Kf7
34. h3 Qc7 35. Re1 Qxe5 36. Rxe5 Nd6 37. Ne2 Nc4 38. Rg5 h6 39. Rg3 Nd5 40. Nd3
Ra7 41. f4 Ra1+ 42. Kh2 Rb1 43. Nd4 Nxb4 44. Ne5+ 1/2-1/2

[Event "Monarch Assurance Isle of Man 13th"]
[Site "Port Erin IOM"]
[Date "2004.09.25"]
[Round "1.23"]
[White "Ashton, Adam"]
[Black "Ramesh, R.B."]
[Result "1/2-1/2"]
[WhiteElo "2270"]
[BlackElo "2484"]
[PlyCount "96"]
[EventDate "2004.09.25"]
[EventType "swiss"]
[EventRounds "9"]
[EventCountry "IOM"]
[SourceTitle "BritBase"]
[SourceDate "2008.07.14"]
[SourceVersion "1"]
[SourceVersionDate "2008.07.14"]
[SourceQuality "2"]

1. e4 e5 2. Nf3 Nc6 3. Bb5 a6 4. Ba4 Nf6 5. O-O Be7 6. Re1 b5 7. Bb3 d6 8. c3
O-O 9. h3 Na5 10. Bc2 c5 11. d4 Nd7 12. dxe5 dxe5 13. Nbd2 Qc7 14. Nf1 Nc4 15.
b3 Ncb6 16. Ne3 Nf6 17. c4 Re8 18. Bb2 Bf8 19. Qe2 Bb7 20. Nd5 Bxd5 21. exd5
Bd6 22. Nd2 b4 23. Ne4 Nxe4 24. Qxe4 g6 25. g4 Nd7 26. Re3 Bf8 27. Rae1 Bh6 28.
R3e2 Kf8 29. Bc1 Bxc1 30. Rxc1 Qd6 31. Rce1 Qf6 32. Re3 Rad8 33. Qg2 Qg5 34.
Qg3 h5 35. f3 Qf4 36. Kg2 hxg4 37. fxg4 Qxg3+ 38. Kxg3 Kg7 39. g5 a5 40. Bd1 a4
{(=)} 41. Bg4 f5 42. gxf6+ Kxf6 43. Rf1+ Kg7 44. Be6 Re7 45. Rfe1 Kf6 46. Rf1+
Kg7 47. Rfe1 Kf6 48. Rf1+ Kg7 1/2-1/2

[Event "Monarch Assurance Isle of Man 13th"]
[Site "Port Erin IOM"]
[Date "2004.09.25"]
[Round "1.24"]
[White "Sprenger, Jan Michael"]
[Black "Rendle, Thomas"]
[Result "1-0"]
[WhiteElo "2477"]
[BlackElo "2258"]
[PlyCount "85"]
[EventDate "2004.09.25"]
[EventType "swiss"]
[EventRounds "9"]
[EventCountry "IOM"]
[SourceTitle "BritBase"]
[SourceDate "2008.07.14"]
[SourceVersion "1"]
[SourceVersionDate "2008.07.14"]
[SourceQuality "2"]

1. Nf3 f5 2. d3 d6 3. e4 Nc6 4. exf5 Bxf5 5. d4 e6 6. Bb5 a6 7. Ba4 b5 8. Bb3
Na5 9. Qe2 Nxb3 10. axb3 Be7 11. Nc3 Nf6 12. Nh4 b4 13. Nxf5 exf5 14. Nd1 Qd7
15. Rxa6 Rxa6 16. Qxa6 O-O 17. O-O d5 18. Bf4 Nh5 19. Be5 f4 20. f3 c5 21. Nf2
Qc8 22. Qa7 Qe6 23. Nd3 cxd4 24. Bxd4 Bd6 25. Re1 Qc8 26. Qb6 Qc7 27. Qxc7 Bxc7
28. Nxb4 Ba5 29. Re5 Bxb4 30. Rxh5 Re8 31. Re5 Rxe5 32. Bxe5 Bd2 33. Kf1 Kf7
34. Ke2 Be3 35. Kd3 g5 36. Bd4 Bc1 37. b4 Ke6 38. b5 Kd6 39. Ke2 h5 40. Kd1 Be3
41. Bxe3 fxe3 42. Ke2 d4 43. c3 1-0

[Event "Monarch Assurance Isle of Man 13th"]
[Site "Port Erin IOM"]
[Date "2004.09.25"]
[Round "1.26"]
[White "Schneider, Dmitry"]
[Black "Allen, Keith"]
[Result "1-0"]
[WhiteElo "2454"]
[BlackElo "2241"]
[PlyCount "113"]
[EventDate "2004.09.25"]
[EventType "swiss"]
[EventRounds "9"]
[EventCountry "IOM"]
[SourceTitle "BritBase"]
[SourceDate "2008.07.14"]
[SourceVersion "1"]
[SourceVersionDate "2008.07.14"]
[SourceQuality "2"]

1. e4 c6 2. d4 d5 3. exd5 cxd5 4. c4 Nf6 5. Nc3 Nc6 6. Nf3 Bg4 7. cxd5 Nxd5 8.
Qb3 Bxf3 9. gxf3 e6 10. Qxb7 Nxd4 11. Bb5+ Nxb5 12. Qc6+ Ke7 13. Qxb5 Qd7 14.
Nxd5+ Qxd5 15. Bg5+ f6 16. Qxd5 exd5 17. Be3 Ke6 18. O-O-O Bb4 19. a3 Rac8+ 20.
Kb1 Bc5 21. Rhe1 Bxe3 22. Rxe3+ Kd6 23. Rde1 Rhd8 24. Re6+ Kc7 25. Rc1+ Kd7 26.
Ra6 Rxc1+ 27. Kxc1 Rc8+ 28. Kd2 Rc7 29. Kd3 Kc8 30. b4 Rd7 31. f4 Kb7 32. Ra5
d4 33. Rc5 Kb6 34. h4 g6 35. f5 Rd6 36. fxg6 hxg6 37. h5 gxh5 38. Rxh5 a6 39.
Rc5 Rd7 40. a4 Rh7 41. Rf5 Rh6 42. Kxd4 Kc6 43. Rc5+ Kb6 44. a5+ Kb7 45. f4 Rh1
46. Kd5 Re1 47. f5 Re2 48. Kd6 Re4 49. Rc7+ Kb8 50. Rf7 Rxb4 51. Rxf6 Rb5 52.
Rf8+ Kb7 53. Rf7+ Kc8 54. f6 Rb1 55. Ra7 Rf1 56. f7 Kb8 57. Re7 1-0

[Event "Monarch Assurance Isle of Man 13th"]
[Site "Port Erin IOM"]
[Date "2004.09.25"]
[Round "1.27"]
[White "Cox, John"]
[Black "Handke, Florian"]
[Result "1/2-1/2"]
[WhiteElo "2314"]
[BlackElo "2461"]
[PlyCount "169"]
[EventDate "2004.09.25"]
[EventType "swiss"]
[EventRounds "9"]
[EventCountry "IOM"]
[SourceTitle "BritBase"]
[SourceDate "2008.07.14"]
[SourceVersion "1"]
[SourceVersionDate "2008.07.14"]
[SourceQuality "2"]

1. d4 d5 2. c4 c6 3. Nf3 Nf6 4. e3 a6 5. Bd3 Bg4 6. Qb3 Bxf3 7. gxf3 Ra7 8. Nc3
e6 9. Qc2 dxc4 10. Bxc4 b5 11. Be2 Nbd7 12. Bd2 c5 13. dxc5 Bxc5 14. a4 b4 15.
Ne4 Nxe4 16. Qxe4 a5 17. Bb5 O-O 18. Rc1 Bb6 19. Ke2 Nc5 20. Qf4 e5 21. Qxe5
Re7 22. Qg3 Nb3 23. Rhd1 Bc7 24. Qg4 Nxc1+ 25. Bxc1 Qc8 26. h3 Be5 27. Bc4 Qc7
28. b3 Rd8 29. Rg1 Rd6 30. Qh5 g6 31. Qh4 {(=)} Bf6 32. Qf4 Be5 33. Qh4 Bf6 34.
Qf4 Qb6 35. h4 Rd4 36. e4 Qc6 37. Kf1 Rxc4 38. bxc4 Qxc4+ 39. Kg2 Be5 40. Qd2
Qc7 41. Rd1 h5 42. Qd5 Bf6 43. Be3 Re8 44. Rc1 Qd8 45. Rc6 Qxd5 46. exd5 Kg7
47. d6 Re5 48. Rb6 Rd5 49. f4 Bd8 50. Rb5 Rxd6 51. Kf3 Bf6 52. Ke2 Rc6 53. Bb6
Rc2+ 54. Kd3 Rc3+ 55. Kd2 b3 56. Bxa5 Rc2+ 57. Kd3 Ra2 58. Bc3 Rxa4 59. Bxf6+
Kxf6 60. Ke3 Ra3 61. Ke4 Ra4+ 62. Kf3 Ra3 63. Ke4 Ra2 64. Rb6+ Kg7 65. f3 Rh2
66. Rxb3 Rxh4 67. Ke3 Rh2 68. Rb4 Rg2 69. Rb1 Ra2 70. Rc1 Rh2 71. Rc4 Rg2 72.
Rc1 Kf6 73. Rc6+ Kf5 74. Rc5+ Kf6 75. Rc6+ Kg7 76. Rc1 Rb2 77. Ra1 Rh2 78. Rc1
h4 79. Rg1 Kf6 80. Rg4 Ke6 81. Rg5 h3 82. f5+ Kf6 83. fxg6 fxg6 84. Rg3 Kf5 85.
Rg4 1/2-1/2

[Event "Monarch Assurance Isle of Man 13th"]
[Site "Port Erin IOM"]
[Date "2004.09.25"]
[Round "1.28"]
[White "Spence, David J"]
[Black "Horton, Justin"]
[Result "1-0"]
[WhiteElo "2236"]
[BlackElo "2091"]
[PlyCount "47"]
[EventDate "2004.09.25"]
[EventType "swiss"]
[EventRounds "9"]
[EventCountry "IOM"]
[SourceTitle "BritBase"]
[SourceDate "2008.07.14"]
[SourceVersion "1"]
[SourceVersionDate "2008.07.14"]
[SourceQuality "2"]

1. d4 d5 2. Nf3 Nf6 3. e3 Bf5 4. c4 c6 5. Qb3 Qc7 6. cxd5 cxd5 7. Nc3 e6 8. Bd2
Nc6 9. Rc1 Be7 10. Bb5 O-O 11. Ne5 Nxe5 12. Nxd5 Qxc1+ 13. Bxc1 Nxd5 14. dxe5
Bb4+ 15. Ke2 Rac8 16. Bd3 Bxd3+ 17. Qxd3 Rfd8 18. Qb3 a5 19. a3 b5 20. axb4 a4
21. Qd3 Nxb4 22. Qxb5 Rc2+ 23. Kf3 Nd3 24. Rd1 1-0

[Event "Monarch Assurance Isle of Man 13th"]
[Site "Port Erin IOM"]
[Date "2004.09.25"]
[Round "1.29"]
[White "Werner, Gert"]
[Black "Hutchinson, Paul A"]
[Result "1/2-1/2"]
[WhiteElo "2085"]
[BlackElo "2216"]
[PlyCount "124"]
[EventDate "2004.09.25"]
[EventType "swiss"]
[EventRounds "9"]
[EventCountry "IOM"]
[SourceTitle "BritBase"]
[SourceDate "2008.07.14"]
[SourceVersion "1"]
[SourceVersionDate "2008.07.14"]
[SourceQuality "2"]

1. Nf3 d6 2. d4 Bg4 3. g3 Nd7 4. Bg2 c6 5. O-O e5 6. dxe5 dxe5 7. Nc3 Ngf6 8.
Bg5 Qc7 9. h3 Be6 10. e4 h6 11. Be3 Nb6 12. Nd2 Nc4 13. Nxc4 Bxc4 14. Re1 Bb4
15. Qc1 b5 16. a3 Ba5 17. b4 Bb6 18. Bxb6 axb6 19. a4 bxa4 20. Rxa4 Rxa4 21.
Nxa4 O-O 22. Qe3 Rb8 23. Nb2 Be6 24. Ra1 Qd6 25. c3 c5 26. bxc5 bxc5 27. Qd3
Qc6 28. Ra6 Qb7 29. Na4 Qb1+ 30. Qxb1 Rxb1+ 31. Kh2 Nd7 32. Rc6 c4 33. Bf3 Ra1
34. Nc5 Nxc5 35. Rxc5 Ra3 36. Bg4 Rxc3 37. Bxe6 fxe6 38. Rxe5 Kf7 39. Rc5 Kf6
40. Kg2 g5 41. g4 Rc1 42. e5+ Ke7 43. Kf3 c3 44. Ke2 c2 45. Rc7+ Kd8 46. Rc3
Kd7 47. f3 Rh1 48. Rxc2 Rh2+ 49. Kd3 Rxh3 50. Ke4 Rh4 51. Ra2 h5 52. Ra7+ Kc6
53. Rh7 hxg4 54. Rxh4 gxh4 55. fxg4 h3 56. Kf3 Kd5 57. Kg3 Kxe5 58. Kxh3 Kf4
59. Kh4 e5 60. g5 e4 61. g6 e3 62. g7 e2 1/2-1/2

[Event "Monarch Assurance Isle of Man 13th"]
[Site "Port Erin IOM"]
[Date "2004.09.25"]
[Round "1.31"]
[White "Fraser-Mitchell, Jeremy"]
[Black "Smith, Andrew P"]
[Result "0-1"]
[WhiteElo "2082"]
[BlackElo "2205"]
[PlyCount "72"]
[EventDate "2004.09.25"]
[EventType "swiss"]
[EventRounds "9"]
[EventCountry "IOM"]
[SourceTitle "BritBase"]
[SourceDate "2008.07.14"]
[SourceVersion "1"]
[SourceVersionDate "2008.07.14"]
[SourceQuality "2"]

1. d4 Nf6 2. c4 c5 3. d5 g6 4. Nc3 Bg7 5. e4 d6 6. f3 O-O 7. Bg5 e6 8. Qd2 exd5
9. cxd5 a6 10. a4 Re8 11. Bd3 Nbd7 12. Nge2 Ne5 13. O-O Nxd3 14. Qxd3 Bd7 15.
Rfb1 b5 16. axb5 axb5 17. Rxa8 Qxa8 18. b4 cxb4 19. Rxb4 Qa5 20. Qb1 Rb8 21.
Be3 Ne8 22. Nd4 Nc7 23. Rb3 b4 24. Na2 Na6 25. Nc6 Bxc6 26. dxc6 h5 27. g3 h4
28. Rd3 hxg3 29. hxg3 b3 30. Rxb3 Rxb3 31. Qxb3 Qe1+ 32. Kg2 Qe2+ 33. Kh3 Qxf3
34. Qb6 Qh1+ 35. Kg4 Qh5+ 36. Kf4 Be5# 0-1

[Event "Monarch Assurance Isle of Man 13th"]
[Site "Port Erin IOM"]
[Date "2004.09.25"]
[Round "1.33"]
[White "Cannon, Richard J"]
[Black "Dunn, Andrew"]
[Result "1/2-1/2"]
[WhiteElo "2060"]
[BlackElo "2192"]
[PlyCount "61"]
[EventDate "2004.09.25"]
[EventType "swiss"]
[EventRounds "9"]
[EventCountry "IOM"]
[SourceTitle "BritBase"]
[SourceDate "2008.07.14"]
[SourceVersion "1"]
[SourceVersionDate "2008.07.14"]
[SourceQuality "2"]

1. e4 c6 2. d4 d5 3. exd5 cxd5 4. Bd3 Nc6 5. c3 Qc7 6. Ne2 Bg4 7. f3 Bh5 8. Bf4
Qd7 9. Nd2 e6 10. Nb3 Nf6 11. O-O Bd6 12. a4 Bg6 13. Bb5 a6 14. Bxd6 Qxd6 15.
Bxc6+ Qxc6 16. a5 Nd7 17. Nf4 Qd6 18. Qd2 O-O 19. g3 Rad8 20. Nxg6 hxg6 21. f4
b5 22. Qd3 Rb8 23. Nd2 b4 24. c4 dxc4 25. Nxc4 Qc6 26. Ne3 Nf6 27. Rfc1 Qf3 28.
Rf1 Qc6 29. Rfc1 Qf3 30. Rf1 Qc6 31. Rfc1 1/2-1/2